Veterinary Ethics

Enregistré dans:
Détails bibliographiques
Auteur principal: Jerrold Tannenbaum
Format: Livre
Langue:Undetermined
Publié: Baltimore Williams and Williams 1989
Sujets:
Tags: Ajouter un tag
Pas de tags, Soyez le premier à ajouter un tag!
Thư viện lưu trữ: Trung tâm Học liệu Trường Đại học Cần Thơ
LEADER 00556nam a2200181Ia 4500
001 CTU_30123
008 210402s9999 xx 000 0 und d
082 |a 174.9636 
082 |b T166 
100 |a Jerrold Tannenbaum 
245 0 |a Veterinary Ethics 
245 0 |c Jerrold Tannenbaum 
260 |a Baltimore 
260 |b Williams and Williams 
260 |c 1989 
650 |a animals treatment of,veterinarians professional ethics,veterinary medicine - ethical aspects 
904 |i Lan, 990307 
980 |a Trung tâm Học liệu Trường Đại học Cần Thơ